Contemporary Chinese Society: Basic Systems and Daily Life (Record no. 587872)

000 -LEADER
fixed length control field 00323nam a22001217a 4500
040 ## - CATALOGING SOURCE
Transcribing agency DLC
082 ## - DEWEY DECIMAL CLASSIFICATION NUMBER
Classification number 306.2095
Author Mark LUL
100 ## - MAIN ENTRY--PERSONAL NAME
Personal name Lei, Gao
9 (RLIN) 89033
245 ## - TITLE STATEMENT
Title Contemporary Chinese Society: Basic Systems and Daily Life
260 ## - PUBLICATION, DISTRIBUTION, ETC.
Place of publication, distribution, etc. Beijing
Name of publisher, distributor, etc. China Renmin University Press
Date of publication, distribution, etc. 2018
300 ## - PHYSICAL DESCRIPTION
Extent 241p. :
942 ## - ADDED ENTRY ELEMENTS (KOHA)
Source of classification or shelving scheme
Koha item type Book
Holdings
Withdrawn status Lost status Source of classification or shelving scheme Damaged status Not for loan Permanent Location Current Location Date acquired Total Checkouts Full call number Barcode Date last seen Price effective from Koha item type
          NUST Law School (NLS) NUST Law School (NLS) 07/17/2025   306.2095 LUL NLSD-285 07/17/2025 07/17/2025 Book
          School of Civil and Environmental Engineering (SCEE) School of Civil and Environmental Engineering (SCEE) 02/15/2022   306.2095 LUL NIT-13503 02/15/2022 02/15/2022 Book
© 2023 Central Library, National University of Sciences and Technology. All Rights Reserved.